[Event "SUI-ch 113th"]
[Site "Graechen"]
[Date "2013.07.11"]
[Round "1"]
[White "Lombard, Andre"]
[Black "Jenal, Juerg"]
[Result "1-0"]
[WhiteElo "2356"]
[BlackElo "2127"]
[PlyCount "33"]
[EventDate "2013.07.11"]
[EventType "swiss"]
[EventRounds "9"]
[EventCountry "SUI"]
[SourceTitle "CBM 155 Extra"]
[Source "ChessBase"]
[SourceDate "2013.08.26"]
[SourceVersion "1"]
[SourceVersionDate "2013.08.26"]
[SourceQuality "1"]

1. d4 g6 2. e4 Bg7 3. Nf3 c5 4. d5 d6 5. Be2 Nf6 6. Nc3 e6 7. Bb5+ Kf8 8. dxe6 Bxe6 9. e5 Nd5 10. Nxd5 Bxd5 11. Qxd5 Qa5+ 12. Bd2 Qxb5 13. Ng5 Qd7 14. e6 Qe7 15. Nxf7 Nc6 16. Bg5 Qc7 17. Nxd6 1-0

[Event "Mitropa Cup 31st"]
[Site "Sibenik"]
[Date "2012.06.02"]
[Round "3"]
[White "Froewis, Georg"]
[Black "Lombard, Andre"]
[Result "0-1"]
[WhiteElo "2363"]
[BlackElo "2353"]
[PlyCount "104"]
[EventDate "2012.05.31"]
[EventType "team-tourn"]
[EventRounds "9"]
[EventCountry "CRO"]
[SourceTitle "CBM 148 Extra"]
[Source "ChessBase"]
[SourceDate "2012.06.22"]
[SourceVersion "1"]
[SourceVersionDate "2012.06.22"]
[SourceQuality "1"]
[WhiteTeam "Austria"]
[BlackTeam "Switzerland"]
[WhiteTeamCountry "AUT"]
[BlackTeamCountry "SUI"]

1. Nf3 d5 2. c4 c6 3. e3 Nf6 4. Nc3 e6 5. b3 Bd6 6. Bb2 Nbd7 7. Qc2 Qe7 8. Be2 Ba3 9. Bxa3 Qxa3 10. d4 Qe7 11. 0-0 0-0 12. Bd3 e5 13. cxd5 cxd5 14. dxe5 Nxe5 15. Nd4 Bd7 16. Qd2 Rac8 17. Rac1 Rfd8 18. Nce2 Ne4 19. Bxe4 dxe4 20. Rxc8 Rxc8 21. Rc1 g6 22. Rxc8+ Bxc8 23. Qc3 Qd8 24. h3 b6 25. Ng3 Bb7 26. Qc2 Nd3 27. Kh2 a5 28. f4 Nxf4 29. Nxe4 Nd5 30. Qf2 Qe7 31. Qf3 f5 32. Ng3 Nxe3 33. Qf4 Bxg2 34. Qb8+ Qf8 35. Qe5 f4 36. Nge2 Bb7 37. Nxf4 Nf5 38. Nfe6 Qd6 39. Qxd6 Nxd6 40. Kg3 Bc8 41. Nf4 Ne4+ 42. Kf3 Nc3 43. a4 g5 44. Nfe6 h6 45. h4 gxh4 46. Nf4 Kf7 47. Nd3 Ke7 48. b4 axb4 49. Nxb4 Nxa4 50. Nd5+ Kd6 51. Nxb6 Nxb6 52. Kg2 Bg4 0-1

[Event "Mitropa Cup 31st"]
[Site "Sibenik"]
[Date "2012.06.01"]
[Round "2"]
[White "Lombard, Andre"]
[Black "Dubessay, Bastien"]
[Result "0-1"]
[WhiteElo "2353"]
[BlackElo "2384"]
[PlyCount "90"]
[EventDate "2012.05.31"]
[EventType "team-tourn"]
[EventRounds "9"]
[EventCountry "CRO"]
[SourceTitle "CBM 148 Extra"]
[Source "ChessBase"]
[SourceDate "2012.06.22"]
[SourceVersion "1"]
[SourceVersionDate "2012.06.22"]
[SourceQuality "1"]
[WhiteTeam "Switzerland"]
[BlackTeam "France"]
[WhiteTeamCountry "SUI"]
[BlackTeamCountry "FRA"]

1. d4 Nf6 2. c4 g6 3. Nc3 Bg7 4. e4 d6 5. Be2 0-0 6. Bg5 a6 7. Nf3 Bg4 8. 0-0 Nfd7 9. d5 Nc5 10. Nd2 Bxe2 11. Qxe2 Nbd7 12. Rac1 h6 13. Be3 a5 14. Rc2 c6 15. Nf3 Qc7 16. Bd4 e5 17. dxe6 fxe6 18. Bxg7 Kxg7 19. e5 Nxe5 20. Nxe5 dxe5 21. Re1 Rf5 22. Rd2 Raf8 23. Ne4 Nxe4 24. Qxe4 h5 25. c5 Rd8 26. Rxd8 Qxd8 27. Qc2 Qd4 28. Kf1 h4 29. Re2 h3 30. gxh3 Qf4 31. Ke1 Qxh2 32. Qc3 Qf4 33. Kd1 a4 34. Rd2 Kh6 35. Qd3 e4 36. Qd6 Qf3+ 37. Kc2 Rd5 38. Qe7 Rxd2+ 39. Kxd2 Qxf2+ 40. Kc3 e3 41. h4 Qd2+ 42. Kc4 Qd5+ 43. Kb4 e2 44. Qf8+ Kh5 45. Qh8+ Kg4 0-1

[Event "SUI-chT"]
[Site "Switzerland"]
[Date "2012.04.29"]
[Round "3.5"]
[White "Wirthensohn, Heinz"]
[Black "Lombard, Andre"]
[Result "1/2-1/2"]
[WhiteElo "2324"]
[BlackElo "2346"]
[PlyCount "66"]
[EventDate "2012.03.18"]
[EventType "team-tourn"]
[EventRounds "9"]
[EventCountry "SUI"]
[SourceTitle "EXT 2013"]
[Source "ChessBase"]
[SourceDate "2012.11.22"]
[SourceVersion "1"]
[SourceVersionDate "2012.11.22"]
[SourceQuality "1"]
[WhiteTeam "Reichenstein"]
[BlackTeam "Reti"]
[WhiteTeamCountry "SUI"]
[BlackTeamCountry "SUI"]

1. d4 d5 2. Nf3 Nf6 3. Bf4 e6 4. e3 c5 5. c3 Nc6 6. Nbd2 Bd6 7. Bg3 Qe7 8. Ne5 Nd7 9. Bb5 Ncxe5 10. dxe5 Bc7 11. Qg4 0-0 12. Bh4 f6 13. Bxd7 Qxd7 14. exf6 g6 15. Nf3 Qb5 16. 0-0-0 a5 17. Ng5 Ra6 18. f7+ Kg7 19. Bg3 e5 20. Qh4 h6 21. Nf3 Rb6 22. Rd2 d4 23. exd4 cxd4 24. Nxd4 Qd7 25. Nf3 Qxf7 26. Qa4 Re8 27. Re1 Rbe6 28. Rde2 b5 29. Qd1 R6e7 30. Qb3 Be6 31. Qxb5 Bc4 32. Qa4 Bxe2 33. Rxe2 e4 1/2-1/2

[Event "SUI-chT"]
[Site "Switzerland"]
[Date "2010.11.06"]
[Round "8.1"]
[White "Lombard, Andre"]
[Black "Huebner, Robert"]
[Result "0-1"]
[WhiteElo "2340"]
[BlackElo "2603"]
[PlyCount "100"]
[EventDate "2010.02.14"]
[EventType "team-tourn"]
[EventRounds "9"]
[EventCountry "SUI"]
[SourceTitle "EXT 2011"]
[Source "ChessBase"]
[SourceDate "2010.11.26"]
[SourceVersion "1"]
[SourceVersionDate "2010.11.26"]
[SourceQuality "1"]
[WhiteTeam "Bern"]
[BlackTeam "Luzern"]
[WhiteTeamCountry "SUI"]
[BlackTeamCountry "SUI"]

1. d4 e6 2. e4 d5 3. Nc3 Nf6 4. Bg5 Bb4 5. exd5 Qxd5 6. Nf3 Ne4 7. Bd2 Bxc3 8. Bxc3 Nxc3 9. bxc3 b6 10. Bd3 Ba6 11. 0-0 Bxd3 12. Qxd3 Nd7 13. c4 Qd6 14. Rad1 0-0 15. Rfe1 a5 16. Qe3 a4 17. Qc3 a3 18. d5 exd5 19. Rxd5 Qf6 20. Qxf6 Nxf6 21. Rd3 Rfe8 22. Rxe8+ Nxe8 23. Nd4 Ra4 24. Nb5 Rxc4 25. Nxa3 Rc5 26. Kf1 Nd6 27. Ke2 f6 28. Rb3 Kf7 29. Kd3 Rd5+ 30. Ke2 Ra5 31. Kd3 Ke6 32. c4 Rg5 33. g3 Rh5 34. h4 Ra5 35. Kd4 h5 36. Re3+ Kd7 37. Rb3 Ra4 38. Kd3 Ke6 39. Rc3 Kf5 40. f3 Nf7 41. Kd4 Ne5 42. Rb3 g5 43. hxg5 fxg5 44. Rc3 h4 45. gxh4 gxh4 46. Nc2 Kf4 47. Ne3 c5+ 48. Kd5 h3 49. Rc2 Nd3 50. Rh2 Kxe3 0-1

[Event "SUI-chT"]
[Site "Switzerland"]
[Date "1997.??.??"]
[Round "?"]
[White "Kallai, Gabor"]
[Black "Lombard, Andre"]
[Result "1/2-1/2"]
[WhiteElo "2505"]
[BlackElo "2390"]
[PlyCount "32"]
[EventDate "1997.??.??"]
[EventType "team-tourn"]
[EventRounds "9"]
[EventCountry "SUI"]
[SourceTitle "EXT 1999"]
[Source "ChessBase"]
[SourceDate "1998.11.16"]
[SourceVersion "1"]
[SourceVersionDate "1998.11.16"]
[SourceQuality "1"]

1. d4 d5 2. c4 e6 3. Nf3 Nf6 4. Nc3 c5 5. cxd5 Nxd5 6. e4 Nxc3 7. bxc3 Be7 8. Be2 b6 9. 0-0 0-0 10. Bf4 Bb7 11. Qd3 cxd4 12. cxd4 Nc6 13. Rad1 Bd6 14. Qe3 Rc8 15. Ne5 Nb4 16. Rd2 Qc7 1/2-1/2

[Event "SUI-chT"]
[Site "Switzerland"]
[Date "1997.??.??"]
[Round "?"]
[White "Lombard, Andre"]
[Black "Herb, Pascal"]
[Result "1/2-1/2"]
[WhiteElo "2390"]
[BlackElo "2370"]
[PlyCount "53"]
[EventDate "1997.??.??"]
[EventType "team-tourn"]
[EventRounds "9"]
[EventCountry "SUI"]
[SourceTitle "EXT 1999"]
[Source "ChessBase"]
[SourceDate "1998.11.16"]
[SourceVersion "1"]
[SourceVersionDate "1998.11.16"]
[SourceQuality "1"]

1. Nf3 d5 2. g3 c5 3. Bg2 Nc6 4. d4 e6 5. 0-0 cxd4 6. Nxd4 Bc5 7. Nxc6 bxc6 8. e4 Ne7 9. c4 0-0 10. Qc2 Bd4 11. Rd1 e5 12. Nd2 Bg4 13. Re1 f5 14. exd5 f4 15. Ne4 cxd5 16. cxd5 Nxd5 17. Bd2 Rc8 18. Bc3 Kh8 19. Qd2 Nxc3 20. bxc3 Bb6 21. Qxd8 Rcxd8 22. a4 Ba5 23. Rab1 Bd7 24. Rb7 Bb6 25. a5 Bxa5 26. Rxa7 Bb6 27. Rb7 1/2-1/2

[Event "SUI-chT"]
[Site "Switzerland"]
[Date "1993.??.??"]
[Round "?"]
[White "Lematschko, Tatjana"]
[Black "Lombard, Andre"]
[Result "1-0"]
[WhiteElo "2305"]
[BlackElo "2395"]
[PlyCount "69"]
[EventDate "1993.??.??"]
[EventType "team-tourn"]
[EventRounds "9"]
[EventCountry "SUI"]
[SourceTitle "TD"]
[Source "ChessBase"]
[SourceDate "1994.03.01"]
[SourceVersion "1"]
[SourceVersionDate "1994.03.01"]
[SourceQuality "1"]

1. d4 Nf6 2. c4 e6 3. g3 d5 4. Bg2 dxc4 5. Nf3 a6 6. 0-0 b5 7. Ne5 Nd5 8. e4 Nb6 9. Qh5 g6 10. Qf3 f6 11. Ng4 N8d7 12. d5 e5 13. Bh6 Bb7 14. Nc3 Bxh6 15. Nxh6 Kf8 16. a4 Kg7 17. Ng4 b4 18. Ne2 a5 19. h4 h5 20. Ne3 Nc5 21. g4 hxg4 22. Qxg4 Qd7 23. Qg3 Nd3 24. f4 exf4 25. Nxf4 Nxf4 26. Rxf4 Rae8 27. Bh3 Qf7 28. Be6 Rxe6 29. dxe6 Qxe6 30. Rg4 Bxe4 31. Qxc7+ Kh6 32. Qf4+ Kg7 33. Qxe4 Re8 34. Qxe6 Rxe6 35. Nxc4 1-0

[Event "SUI-chT"]
[Site "Switzerland"]
[Date "1986.??.??"]
[Round "?"]
[White "Lombard, Andre"]
[Black "Preissmann, Emmanuel"]
[Result "1-0"]
[WhiteElo "2395"]
[BlackElo "2345"]
[PlyCount "57"]
[EventDate "1986.??.??"]
[EventType "team-tourn"]
[EventRounds "9"]
[EventCountry "SUI"]
[SourceTitle "EXT 2005"]
[Source "ChessBase"]
[SourceDate "2004.11.15"]
[SourceVersion "1"]
[SourceVersionDate "2004.11.15"]
[SourceQuality "1"]

1. d4 Nf6 2. c4 e6 3. Nc3 Bb4 4. e3 0-0 5. Bd3 d5 6. Nf3 c5 7. 0-0 dxc4 8. Bxc4 Nbd7 9. a3 cxd4 10. exd4 Bd6 11. Bg5 b5 12. Ba2 Qb6 13. Qd3 Bb7 14. Rad1 Qc7 15. d5 e5 16. Nh4 e4 17. Nxe4 Nxe4 18. Qxe4 Bxh2+ 19. Kh1 Be5 20. Nf5 Rfe8 21. Rfe1 Nc5 22. Qg4 Bc8 23. Bf6 g6 24. Nh6+ Kf8 25. Qg5 Nd7 26. d6 Qc5 27. Be7+ Kg7 28. Nxf7 Rxe7 29. dxe7 1-0

[Event "Olympiad-23"]
[Site "Buenos Aires"]
[Date "1978.10.27"]
[Round "3"]
[White "Lombard, Andre"]
[Black "Campos Lopez, Mario"]
[Result "1-0"]
[WhiteElo "2400"]
[BlackElo "2355"]
[PlyCount "83"]
[EventDate "1978.10.25"]
[EventType "team-swiss"]
[EventRounds "14"]
[EventCountry "ARG"]
[SourceTitle "EXT 2000"]
[Source "ChessBase"]
[SourceDate "1999.11.16"]
[SourceVersion "1"]
[SourceVersionDate "1999.11.16"]
[SourceQuality "1"]
[WhiteTeam "Switzerland"]
[BlackTeam "Mexico"]
[WhiteTeamCountry "SUI"]
[BlackTeamCountry "MEX"]

1. d4 Nf6 2. c4 e6 3. Nf3 Bb4+ 4. Bd2 Qe7 5. g3 b6 6. Bg2 Bb7 7. 0-0 Bxd2 8. Nfxd2 Bxg2 9. Kxg2 0-0 10. Nc3 c5 11. d5 exd5 12. cxd5 d6 13. e4 Nbd7 14. Re1 a6 15. a4 Ne8 16. Nc4 Rb8 17. f4 f6 18. h4 Qf7 19. Ne3 Rb7 20. Qe2 Nb8 21. Rf1 Qd7 22. e5 dxe5 23. fxe5 fxe5 24. Rxf8+ Kxf8 25. Rf1+ Kg8 26. Ne4 Nd6 27. Qf3 Nf7 28. Nf5 Qd8 29. d6 Nc6 30. Ne7+ Rxe7 31. dxe7 Qxe7 32. Ng5 Nxg5 33. Qxc6 Ne6 34. Qxb6 h6 35. Qxa6 Nd4 36. Qa8+ Kh7 37. Qe4+ Kg8 38. a5 Qa7 39. Qd5+ Kh7 40. Rf8 Qa6 41. Qe4+ g6 42. Ra8 1-0

[Event "Olympiad-23"]
[Site "Buenos Aires"]
[Date "1978.10.26"]
[Round "2"]
[White "Giffard, Nicolas"]
[Black "Lombard, Andre"]
[Result "1-0"]
[WhiteElo "2365"]
[BlackElo "2400"]
[PlyCount "69"]
[EventDate "1978.10.25"]
[EventType "team-swiss"]
[EventRounds "14"]
[EventCountry "ARG"]
[SourceTitle "EXT 2000"]
[Source "ChessBase"]
[SourceDate "1999.11.16"]
[SourceVersion "1"]
[SourceVersionDate "1999.11.16"]
[SourceQuality "1"]
[WhiteTeam "France"]
[BlackTeam "Switzerland"]
[WhiteTeamCountry "FRA"]
[BlackTeamCountry "SUI"]

1. d4 Nf6 2. c4 e6 3. Nc3 Bb4 4. g3 0-0 5. Bg2 d5 6. Nf3 c5 7. cxd5 exd5 8. 0-0 h6 9. dxc5 Na6 10. Na4 Re8 11. a3 Bxc5 12. Nxc5 Nxc5 13. b4 Nce4 14. Bb2 a5 15. Qd4 Nd6 16. Ne5 Nf5 17. Qd2 Ra6 18. Nd3 Ne4 19. Qd1 Rd6 20. Rc1 d4 21. Qc2 Rc6 22. Nc5 Nfd6 23. Qd1 f5 24. Qxd4 Qe7 25. Rfd1 Kh7 26. Nxe4 Rxc1 27. Rxc1 fxe4 28. Rc5 axb4 29. axb4 Nf5 30. Qc3 Bd7 31. Rc7 b5 32. g4 Nh4 33. Bxe4+ Kg8 34. f3 Qg5 35. Rxd7 1-0

[Event "Switzerland"]
[Site "Switzerland"]
[Date "1978.??.??"]
[Round "?"]
[White "Lombard, Andre"]
[Black "Kortschnoj, Viktor Lvovich"]
[Result "0-1"]
[WhiteElo "2400"]
[BlackElo "2665"]
[PlyCount "74"]
[EventDate "1978.??.??"]
[EventType "game"]
[EventRounds "1"]
[EventCountry "SUI"]
[SourceTitle "EXT 2010"]
[Source "ChessBase"]
[SourceDate "2010.11.25"]
[SourceVersion "1"]
[SourceVersionDate "2010.11.25"]
[SourceQuality "1"]

1. d4 Nf6 2. c4 e6 3. Nc3 Bb4 4. e3 b6 5. Nge2 Ba6 6. Ng3 0-0 7. e4 Nc6 8. Bd3 e5 9. 0-0 Nxd4 10. Qa4 Bxc3 11. bxc3 Ne6 12. Ba3 Bb7 13. Bxf8 Qxf8 14. Qc2 Nf4 15. f3 Qc5+ 16. Kh1 Ba6 17. Rfe1 Nxd3 18. Qxd3 Bxc4 19. Qd2 Be6 20. Nf5 Bxf5 21. exf5 d6 22. Rab1 a5 23. c4 Re8 24. Qb2 h5 25. Qb5 Qd4 26. Qc6 Re7 27. h3 h4 28. c5 Qxc5 29. Qa4 Qf2 30. Rf1 Qg3 31. Rb3 Qg5 32. Re1 Nh5 33. Qg4 Ng3+ 34. Kh2 Qf6 35. f4 e4 36. Qg5 Qxg5 37. fxg5 Nxf5 0-1

[Event "Mitropa Cup-03"]
[Site "Ciocco"]
[Date "1978.??.??"]
[Round "2"]
[White "Rukavina, Josip"]
[Black "Lombard, Andre"]
[Result "1/2-1/2"]
[WhiteElo "2435"]
[BlackElo "2400"]
[PlyCount "61"]
[EventDate "1978.10.09"]
[EventType "team-tourn"]
[EventRounds "7"]
[EventCountry "ITA"]
[SourceTitle "EXT 1999"]
[Source "ChessBase"]
[SourceDate "1998.11.16"]
[SourceVersion "1"]
[SourceVersionDate "1998.11.16"]
[SourceQuality "1"]

1. d4 Nf6 2. Nf3 d5 3. c4 e6 4. Nc3 c6 5. e3 Nbd7 6. Bd3 dxc4 7. Bxc4 b5 8. Bd3 a6 9. a4 b4 10. Ne4 c5 11. 0-0 Bb7 12. Nxf6+ Nxf6 13. a5 Qd5 14. Qe2 cxd4 15. exd4 Bd6 16. Re1 0-0 17. Bg5 Rfc8 18. Qd2 Ne8 19. Re4 Bf8 20. Rh4 f5 21. Bf4 Nf6 22. Qe2 Rc6 23. Qf1 Bd6 24. Ne5 Bxe5 25. dxe5 Ne4 26. Bxe4 fxe4 27. Rg4 Rd8 28. Qe1 Rc4 29. h3 Qd4 30. Bh6 Rd7 31. Qe2 1/2-1/2

[Event "Bern op"]
[Site "Bern"]
[Date "1977.10.02"]
[Round "9"]
[White "Speelman, Jonathan S"]
[Black "Lombard, Andre"]
[Result "1-0"]
[WhiteElo "2395"]
[BlackElo "2410"]
[PlyCount "139"]
[EventDate "1977.09.24"]
[EventType "swiss"]
[EventRounds "9"]
[EventCountry "SUI"]
[SourceTitle "EXT 2017"]
[Source "ChessBase"]
[SourceDate "2016.10.25"]
[SourceVersion "1"]
[SourceVersionDate "2016.10.25"]
[SourceQuality "1"]

1. e4 c5 2. Nf3 e6 3. d4 cxd4 4. Nxd4 Nf6 5. Nc3 d6 6. g4 a6 7. g5 Nfd7 8. Be3 b5 9. a3 Bb7 10. Rg1 Nc5 11. f3 Be7 12. Qd2 Nc6 13. 0-0-0 Rb8 14. h4 b4 15. Nxc6 Bxc6 16. axb4 Rxb4 17. Bxc5 dxc5 18. Qxd8+ Bxd8 19. Rd6 Rb6 20. Bc4 Bc7 21. Rd3 Ke7 22. b3 a5 23. Kd2 Rb4 24. Ra1 h6 25. Ne2 hxg5 26. hxg5 Rh2 27. Ke3 Rg2 28. Rg1 Rxg1 29. Nxg1 a4 30. Rd1 Be5 31. Ne2 Bb2 32. c3 Rxc4 33. bxc4 a3 34. Nc1 Ba4 35. Rh1 Bxc3 36. Kd3 Bb2 37. f4 g6 38. e5 Bc6 39. Re1 Bf3 40. Na2 Kd7 41. Nc3 Bg4 42. Kc2 Bf5+ 43. Kb3 Kc6 44. Nb5 Bd3 45. Nxa3 Bxa3 46. Rd1 Bxc4+ 47. Kxc4 Bb2 48. Rh1 Kd7 49. Kxc5 Ba3+ 50. Kb6 Ke7 51. Kc6 Bb4 52. Rd1 Ba3 53. Rd7+ Ke8 54. Ra7 Bf8 55. Ra8+ Ke7 56. Rb8 Bg7 57. Rg8 Bf8 58. Kc5 Ke8+ 59. Kd4 Ke7 60. f5 exf5 61. Kd5 Ke8 62. Rh8 f4 63. Ke4 Ke7 64. Rg8 Ke8 65. Kxf4 Ke7 66. e6 fxe6 67. Ke5 Kf7 68. Rxf8+ Kxf8 69. Kxe6 Kg7 70. Ke7 1-0

[Event "Biel"]
[Site "Biel"]
[Date "1977.??.??"]
[Round "11"]
[White "Lombard, Andre"]
[Black "Hernandez Onna, Roman"]
[Result "1/2-1/2"]
[WhiteElo "2410"]
[BlackElo "2435"]
[PlyCount "65"]
[EventDate "1977.07.18"]
[EventType "tourn"]
[EventRounds "15"]
[EventCountry "SUI"]
[EventCategory "9"]
[SourceTitle "EXT 2000"]
[Source "ChessBase"]
[SourceDate "1999.11.16"]
[SourceVersion "1"]
[SourceVersionDate "1999.11.16"]
[SourceQuality "1"]

1. d4 Nf6 2. c4 e6 3. Nc3 Bb4 4. e3 0-0 5. Bd3 d5 6. Nf3 c5 7. 0-0 dxc4 8. Bxc4 cxd4 9. exd4 Nc6 10. Re1 a6 11. Bd3 Be7 12. a3 b5 13. Bc2 Ra7 14. Be3 Rd7 15. Qe2 Bb7 16. Red1 Qa8 17. Rac1 Rfd8 18. Bb1 Na5 19. Ne5 Rd6 20. g4 Nc6 21. Nxc6 Bxc6 22. g5 Nd5 23. Nxd5 Bxd5 24. Rc7 R6d7 25. Rdc1 g6 26. Bd3 Rxc7 27. Rxc7 Bd6 28. Rc1 Bf3 29. Qd2 Qb8 30. h3 Rc8 31. Rxc8+ Qxc8 32. Bf1 Qc6 33. Bf4 1/2-1/2

[Event "Biel"]
[Site "Biel"]
[Date "1977.??.??"]
[Round "9"]
[White "Lombard, Andre"]
[Black "Panno, Oscar"]
[Result "0-1"]
[WhiteElo "2410"]
[BlackElo "2550"]
[PlyCount "66"]
[EventDate "1977.07.18"]
[EventType "tourn"]
[EventRounds "15"]
[EventCountry "SUI"]
[EventCategory "9"]
[SourceTitle "EXT 2000"]
[Source "ChessBase"]
[SourceDate "1999.11.16"]
[SourceVersion "1"]
[SourceVersionDate "1999.11.16"]
[SourceQuality "1"]

1. d4 Nf6 2. c4 e6 3. Nc3 Bb4 4. e3 c5 5. Bd3 Nc6 6. Nf3 Bxc3+ 7. bxc3 d6 8. e4 e5 9. d5 Ne7 10. Nh4 h6 11. f4 Ng6 12. Nxg6 fxg6 13. 0-0 0-0 14. f5 gxf5 15. exf5 Bd7 16. Rb1 Rb8 17. Rb2 Qa5 18. Bd2 a6 19. Qb1 b5 20. cxb5 axb5 21. c4 Qc7 22. Rb3 bxc4 23. Bxc4 Ba4 24. Rxb8 Rxb8 25. Qc1 Bb5 26. Rd1 Qd7 27. Bxb5 Rxb5 28. Qc2 Qb7 29. Be1 Rb2 30. Qa4 Kh7 31. Qc6 Qb8 32. Bh4 Rb6 33. Qa4 Rb4 0-1

[Event "Biel"]
[Site "Biel"]
[Date "1977.??.??"]
[Round "7"]
[White "Lombard, Andre"]
[Black "Robatsch, Karl"]
[Result "1-0"]
[WhiteElo "2410"]
[BlackElo "2435"]
[PlyCount "60"]
[EventDate "1977.07.18"]
[EventType "tourn"]
[EventRounds "15"]
[EventCountry "SUI"]
[EventCategory "9"]
[SourceTitle "EXT 2000"]
[Source "ChessBase"]
[SourceDate "1999.11.16"]
[SourceVersion "1"]
[SourceVersionDate "1999.11.16"]
[SourceQuality "1"]

1. d4 Nf6 2. c4 e6 3. Nc3 c5 4. d5 exd5 5. cxd5 d6 6. e4 g6 7. f4 Bg7 8. Bb5+ Nfd7 9. Bd3 a6 10. a4 Qc7 11. Nf3 c4 12. Bc2 Nc5 13. Be3 Bg4 14. 0-0 Nbd7 15. Bd4 f6 16. Qe2 Nb3 17. Bxb3 cxb3 18. Rac1 Rc8 19. Qe3 Nc5 20. e5 0-0 21. Ne4 fxe5 22. fxe5 Bxf3 23. gxf3 b6 24. Nxd6 Rcd8 25. f4 a5 26. Bxc5 bxc5 27. Nb5 Qe7 28. Qxb3 c4 29. Qxc4 Qh4 30. d6+ Kh8 1-0

[Event "Biel"]
[Site "Biel"]
[Date "1977.??.??"]
[Round "5"]
[White "Lombard, Andre"]
[Black "Torre, Eugenio"]
[Result "0-1"]
[WhiteElo "2410"]
[BlackElo "2550"]
[PlyCount "104"]
[EventDate "1977.07.18"]
[EventType "tourn"]
[EventRounds "15"]
[EventCountry "SUI"]
[EventCategory "9"]
[SourceTitle "EXT 2000"]
[Source "ChessBase"]
[SourceDate "1999.11.16"]
[SourceVersion "1"]
[SourceVersionDate "1999.11.16"]
[SourceQuality "1"]

1. d4 c5 2. d5 Nf6 3. c4 e5 4. Nc3 d6 5. e4 Nbd7 6. Nf3 Be7 7. g3 0-0 8. Bg2 Ne8 9. 0-0 g6 10. Ne1 f5 11. Nd3 Ng7 12. f4 Bf6 13. Qc2 Re8 14. Kh1 exf4 15. Bxf4 Ne5 16. Nxe5 Bxe5 17. Qd2 Bxf4 18. Qxf4 Re5 19. exf5 Rxf5 20. Qd2 Bd7 21. Ne4 Qe7 22. g4 Rff8 23. Qc3 Rxf1+ 24. Rxf1 Ne8 25. Qe1 Kh8 26. Qc3+ Kg8 27. Qe1 Kh8 28. h3 b6 29. Qc3+ Kg8 30. Qe1 Kh8 31. Qd2 Kg7 32. Ng5 Nf6 33. Ne6+ Bxe6 34. dxe6 Rf8 35. g5 Ne4 36. Bxe4 Rxf1+ 37. Kg2 Qxe6 38. Qc3+ Kf8 39. Kxf1 Qxe4 40. Qh8+ Ke7 41. Qxh7+ Ke6 42. b3 Qb1+ 43. Kf2 Qxa2+ 44. Kg1 Qb1+ 45. Kh2 Qc2+ 46. Kg1 Qc1+ 47. Kh2 Qf4+ 48. Kh1 Qf7 49. Qh6 Kf5 50. Kh2 Qe7 51. h4 Kg4 52. Qxg6 Qe2+ 0-1

[Event "Biel"]
[Site "Biel"]
[Date "1977.??.??"]
[Round "8"]
[White "Partos, Charles"]
[Black "Lombard, Andre"]
[Result "1/2-1/2"]
[WhiteElo "2415"]
[BlackElo "2410"]
[PlyCount "59"]
[EventDate "1977.07.18"]
[EventType "tourn"]
[EventRounds "15"]
[EventCountry "SUI"]
[EventCategory "9"]
[SourceTitle "EXT 2000"]
[Source "ChessBase"]
[SourceDate "1999.11.16"]
[SourceVersion "1"]
[SourceVersionDate "1999.11.16"]
[SourceQuality "1"]

1. f4 Nf6 2. Nf3 c5 3. b3 g6 4. Bb2 Bg7 5. e4 0-0 6. d3 Nc6 7. c4 d6 8. Nc3 Bg4 9. Be2 Bxf3 10. Bxf3 Ne8 11. 0-0 Nc7 12. Bg4 b5 13. Qd2 Rb8 14. g3 a5 15. Rab1 Nd4 16. Ne2 Na6 17. cxb5 Rxb5 18. Nc3 Rb7 19. h4 Nb4 20. h5 Qb6 21. Kh1 Qa6 22. Rfd1 f5 23. Bh3 gxh5 24. exf5 Nxf5 25. Kh2 Nd4 26. Bg2 Rbb8 27. Ne2 Nbc6 28. Nxd4 Nxd4 29. Bxd4 Bxd4 30. Qe2 1/2-1/2